Staškovské noviny

Bibliographic Details
Format: Newspaper
Language:Slovak
PhysicalDescription:zv. 30 cm
Published: Staškov Vladimír Gajdošík 2007-
ISSN:1338-9548
Subjects:
Online Access:http://www.staskovskenoviny.sk/
http://www.staskovskenoviny.sk/archiv

MARC

LEADER 00000cas a2200000 a 4500
001 vtls008989053
003 SK-MaSNL
005 20260404145251.0
008 070515c20079999xo mr|n 0 b0slo
022 |a 1338-9548 
040 |a SNK  |b slo  |c SNK  |e AACR2 
041 0 |a slo 
043 |a e-xo--- 
044 |a xo  |c SK 
072 7 |a 316.7  |x Sociológia kultúry. Kultúrny život  |2 konspekt 
080 |a 316.728  |2 2011 
080 |a (437.6)  |2 2011 
080 |a 050  |2 2001 
080 |a (051)+(054)(437.6)  |2 2011 
210 0 |a Staškovské nov. 
222 0 |a Staškovské noviny 
245 0 0 |a Staškovské noviny 
260 |a Staškov  |b Vladimír Gajdošík  |c 2007- 
300 |a zv.  |c 30 cm 
310 |a 1x mesačne 
362 0 |a Roč. 1, č. 1 (marec 2007)- 
500 |a Evidenčné číslo: EV 2939/09 
500 |a Redaktori: (1/2007-), Juliana Belková, Štefan Čambora 
500 |a V tiráži podnázov: regionálny mesačník 
515 |a V č. 1/ 2009 je nesprávne uvedený rok vyd. 2008 
650 0 7 |a spoločenský život  |2 SNKPH  |9 28654 
651 7 |a Staškov (Slovensko)  |2 SNKPH  |9 133001 
655 7 |a regionálne periodiká  |2 SNKPH  |9 131775 
700 1 |a Belková, Juliana,  |d 1974-  |4 red  |9 157918 
700 1 |a Čambora, Štefan  |4 red  |9 275420 
856 4 1 |u http://www.staskovskenoviny.sk/ 
856 4 1 |u http://www.staskovskenoviny.sk/archiv 
910 |a snk 
916 |a 2007-2016, 2017, 2018-2019 
999 |c 12513  |d 14443 
952 |t č. 1-12  |a SNK  |b SNK  |y PREZ  |7 0  |p 17A1325077  |o snkČSB 6434/11/2017  |i snk2018/11644  |8 0  |f 1  |0 0  |1 0  |4 0  |d 2018-05-29  |l 0  |r 2026-02-21 21:11:33  |w 2026-02-21 
952 |t č. 1-12  |a SNK  |b SNK  |y PREZ  |7 0  |p 17A1431685  |o snkČSB 6434/12/2018  |i snk2020/16355  |8 0  |f 1  |0 0  |1 0  |4 0  |d 2020-09-17  |l 0  |r 2026-02-21 22:16:05  |w 2026-02-21 
952 |t č. 1-12  |a SNK  |b SNK  |y PREZ  |7 0  |p 17A1431686  |o snkČSB 6434/13/2019  |i snk2020/16357  |8 0  |f 1  |0 0  |1 0  |4 0  |d 2020-09-17  |l 0  |r 2026-02-21 22:16:05  |w 2026-02-21 
952 |t č. 1-10  |a SNK  |b SNK  |y PREZ  |7 0  |p 17A1207263  |o snkČSB 6434/1/2007  |i snk2017/13194  |8 0  |f 1  |0 0  |1 0  |4 0  |d 2017-06-06  |l 0  |r 2026-02-21 22:17:34  |w 2026-02-21 
952 |t č. 1-12  |a SNK  |b SNK  |y PREZ  |7 0  |p 17A1207262  |o snkČSB 6434/2/2008  |i snk2017/13200  |8 0  |f 1  |0 0  |1 0  |4 0  |d 2017-06-06  |l 0  |r 2026-02-21 22:17:34  |w 2026-02-21 
952 |t č. 1-12  |a SNK  |b SNK  |y PREZ  |7 0  |p 17A1207261  |o snkČSB 6434/3/2009  |i snk2017/13202  |8 0  |f 1  |0 0  |1 0  |4 0  |d 2017-06-06  |l 0  |r 2026-02-21 22:17:34  |w 2026-02-21 
952 |t č. 1-12, neúplné  |a SNK  |b SNK  |y PREZ  |7 0  |p 17A1207260  |o snkČSB 6434/4/2010  |i snk2017/13204  |8 0  |z Chýba č. 5  |f 1  |0 0  |1 0  |4 0  |d 2017-06-06  |l 0  |r 2026-02-21 22:17:34  |w 2026-02-21 
952 |t č. 1-12  |a SNK  |b SNK  |y PREZ  |7 0  |p 17A1207259  |o snkČSB 6434/5/2011  |i snk2017/13206  |8 0  |f 1  |0 0  |1 0  |4 0  |d 2017-06-06  |l 0  |r 2026-02-21 22:17:35  |w 2026-02-21 
952 |t č. 1-12  |a SNK  |b SNK  |y PREZ  |7 0  |p 17A1207258  |o snkČSB 6434/6/2012  |i snk2017/13207  |8 0  |f 1  |0 0  |1 0  |4 0  |d 2017-06-06  |l 0  |r 2026-02-21 22:17:35  |w 2026-02-21 
952 |t č. 1-12  |a SNK  |b SNK  |y PREZ  |7 0  |p 17A1207257  |o snkČSB 6434/7/2013  |i snk2017/13208  |8 0  |f 1  |0 0  |1 0  |4 0  |d 2017-06-06  |l 0  |r 2026-02-21 22:17:35  |w 2026-02-21 
952 |t č. 1-12  |a SNK  |b SNK  |y PREZ  |7 0  |p 17A1207256  |o snkČSB 6434/8/2014  |i snk2017/13211  |8 0  |f 1  |0 0  |1 0  |4 0  |d 2017-06-06  |l 0  |r 2026-02-21 22:17:35  |w 2026-02-21 
952 |t č. 1-12, neúplné  |a SNK  |b SNK  |y PREZ  |7 0  |p 17A1207255  |o snkČSB 6434/9/2015  |i snk2017/13213  |8 0  |z Chýba č. 12  |f 1  |0 0  |1 0  |4 0  |d 2017-06-06  |l 0  |r 2026-02-21 22:17:35  |w 2026-02-21 
952 |t č. 1-12  |a SNK  |b SNK  |y PREZ  |7 0  |p 17A1207254  |o snkČSB 6434/10/2016  |i snk2017/13214  |8 0  |f 1  |0 0  |1 0  |4 0  |d 2017-06-06  |l 0  |r 2026-02-21 22:17:35  |w 2026-02-21